000
00350nam a2200133Ia 4500
008
231129s9999||||xx |||||||||||||| ||spa||
020
_a
958-04-0854-8
040
_b
spa
082
_a
(i) 808.068543 K33c
100
_a
Kendall Sarita
245
0
_a
La campana del arrecife
264
_a
Norma
942
_2
ddc
_c
BKS
999
_c
16542
_d
16542